000 01992nam a22002657a 4500
003 OSt
005 20250918105250.0
008 250515t2007 ag |||||r|||| 00| 0 spa d
020 _a978-987-1220-19-9
040 _cbesoc
080 _051
100 1 _a Paenza, Adrián,
_eautor
_d1949-
245 1 0 _aMatemática— ¿estás ahí? :
_bsobre números, personajes, problemas y curiosidades /
_cpor Adrián Paenza.
246 3 3 _aMatemática... ¿estás ahí?
250 _a1a ed., 13 reimp.
260 _aBuenos Aires :
_bSiglo XXI Editores Argentina,
_c2007.
300 _a240 p. ;
_c19 cm.
490 0 _a Colección Ciencia que Ladra...Serie Mayor / dirigida por Diego Golombek.
505 1 _aIncluye: La mano de la princesa ; Números ; Personajes ; Probabilidades y estimaciones ; Problemas ; Reflexiones y curiosidades ; Soluciones y Apéndice.
520 1 _aEl primer libro de Adrián Paenza representa la continuación de su tarea de divulgación científica que el periodista y matemático ha desarrollado en los últimos años. Aquí, con sencillez y humor, el autor narra una serie de historias sobre números y acertijos que el lector podrá descubrir en su vida cotidiana y que reflejan el universo entero. En Matemática... ¿estas ahí? el periodista y matemático se transforma en un excelente guía para comprender de una vez y para siempre qué es un año luz, cómo son los átomos en el universo, cuáles son las paradojas de Bertrand Russell, qué dijo Pitágoras de importante en la historia de la matemática y cuál es la mejor forma de tomar un examen. En este maravilloso y mágico mundo, el lector se encontrará con números increíbles, diversos tipos de infinitos y familias de primos; se asomará al abismo de la división por cero y aprenderá secretos sobre las apuestas y las probabilidades.
650 4 _aMatemáticas
650 4 _aMétodos de enseñanza
700 1 _a Golombek, Diego,
_d1964-
_edirector de colección
_eprologuista
942 _2udc
_cOG
_n0
999 _c492
_d492